banner koha

Physiological variables in pineapples submitted to the application of diuron (Registro n. 9011)

MARC details
000 -LÍDER
fixed length control field 04650nab a2200325 i 4500
003 - CÓDIGO MARC DA AGÊNCIA CATALOGADORA
Campo de controle BR-BrBNA
005 - DATA E HORA DA ÚLTIMA ATUALIZAÇÃO
Campo de controle 20230904101051.0
008 - CAMPO DE TAMANHO FIXO
fixed length control field 230502b2018 bl.ar|pooa||| 00| 0 eng |
040 ## - FONTE DA CATALOGAÇÃO
Agência catalogadora BR-BrBNA
Idioma da catalogação eng
072 ## - CATEGORIA AGRIS
Código AGRIS H60
Código do objeto 1126
072 ## - CATEGORIA AGRIS
Código AGRIS F60
100 ## - ENTRADA PRINCIPAL - NOME PESSOAL
Nome pessoal Carvalho, A.R.J.
100 ## - ENTRADA PRINCIPAL - NOME PESSOAL
Nome pessoal Maia, V.M.
100 ## - ENTRADA PRINCIPAL - NOME PESSOAL
Nome pessoal Aspiazú, I.
100 ## - ENTRADA PRINCIPAL - NOME PESSOAL
Nome pessoal Pegoraro, R.F.
100 ## - ENTRADA PRINCIPAL - NOME PESSOAL
Nome pessoal Oliveira, F.S.
245 ## - TÍTULO PRINCIPAL
Título principal Physiological variables in pineapples submitted to the application of diuron
500 ## - NOTA GERAL
Nota geral Publicação on-line; 23 ref.; 1 table; 3 illus.; Summaries (En, Pt)
942 ## - ADDED ENTRY ELEMENTS (KOHA)
Koha item type
520 ## - NOTA DE RESUMO
Nota de conteúdo <br/><br/>ABSTRACT - Diuron is a widely used herbicide on pineapple cultivations. However,<br/>its application is recommended only for the implementation of the crop. The objective<br/>of this work was to evaluate the gas exchanges of four pineapple cultivars submitted<br/>to the application of the herbicide diuron at their reproductive stage. The experiment<br/>was conducted with the IAC Fantástico, Vitória, MD2 and Pérola pineapple cultivars<br/>using the active ingredient diuron at a dose of 7.5 mL L-1. Measurements of CO2<br/>assimilation rate, stomatal conductance, transpiration, vapor pressure deficit and<br/>water use efficiency were carried out weekly, by the hour, on two plants per cultivar,<br/>over a 24 hour period. These determinations were carried out two days before the<br/>application of the herbicide and 8, 15, 22, 29 and 36 days after application of the<br/>herbicide. Measurement of photochemical efficiency was performed weekly on the<br/>same dates and all these determinations were made on the ‘D’ leaf. Measurements of<br/>gas exchange were performed with an infrared gas analyzer (IRGA) and of chlorophyll<br/>a fluorescence with a fluorometer. The application of diuron reduced the assimilation<br/>of CO2 in the pineapple varieties IAC Fantástico, Vitória, MD2 and Pérola, at their<br/>reproductive phase, in all CAM metabolism stages. Diuron promoted a temporary<br/>reduction of the stomatal conductance and a temporary increase in water use<br/>efficiency. The photochemical efficiency of the studied pineapple cultivars was<br/>negatively affected by the herbicide diuron, with the recovery of the initial values by<br/>cultivar IAC Fantástico.<br/><br/>Keywords: Ananas comosus var. comosus, herbicide, gas exchange, weeds, chemical<br/>control.
520 ## - NOTA DE RESUMO
Nota de conteúdo <br/><br/>RESUMO - O diuron é um herbicida amplamente utilizado na cultura do<br/>abacaxizeiro. No entanto, sua aplicação é recomendada apenas na implantação<br/>da cultura. Objetivou-se com este trabalho avaliar as trocas gasosas de quatro<br/>cultivares de abacaxizeiros submetidos à aplicação do herbicida diuron na fase<br/>reprodutiva. O experimento foi realizado com os cultivares de abacaxizeiro IAC<br/>Fantástico, Vitória, MD2 e Pérola, utilizando o princípio ativo diuron na dose de<br/>7,5 mL L-1. As medições da taxa de assimilação de CO2, condutância estomática,<br/>transpiração, déficit de pressão de vapor e eficiência do uso da água foram feitas<br/>semanalmente, a cada hora, em duas plantas por cultivar, num período de 24 horas.<br/>Essas determinações foram realizadas aos dois dias antes da aplicação do<br/>herbicida e aos 8, 15, 22, 29 e 36 dias após aplicação do herbicida. A medição da<br/>eficiência fotoquímica foi realizada semanalmente nas mesmas datas, e todas essas<br/>determinações foram feitas na folha ‘D’. As medições das trocas gasosas foram<br/>realizadas com medidor de gases no infravermelho (IRGA), e as da fluorescência<br/>da clorofila a, com fluorímetro. A aplicação do diuron reduziu a assimilação de<br/>CO2 nas variedades de abacaxizeiro IAC Fantástico, Vitória, MD2 e Pérola, na<br/>fase reprodutiva, em todas as fases do metabolismo CAM. O diuron promoveu redução transitória da<br/>condutância estomática e aumento transitório na eficiência do uso da água. A eficiência fotoquímica<br/>dos cultivares de abacaxizeiro estudados foi afetada negativamente pelo herbicida diuron, com<br/>recuperação dos valores iniciais pelo cultivar IAC Fantástico.<br/><br/>Palavras-chave: Ananas comosus var. comosus, herbicida, trocas gasosas, plantas daninhas, controle<br/>químico.
650 ## - ASSUNTO - THESAGRO
Cabeçalho tópico ou nome geográfico ANANÁS COMOSUS
650 ## - ASSUNTO - THESAGRO
Cabeçalho tópico ou nome geográfico ABACAXI
650 ## - ASSUNTO - THESAGRO
Cabeçalho tópico ou nome geográfico HERBICIDA
650 ## - ASSUNTO - THESAGRO
Cabeçalho tópico ou nome geográfico ERVA DANINHA
650 ## - ASSUNTO - THESAGRO
Cabeçalho tópico ou nome geográfico CONTROLE QUÍMICO
773 0# - ENTRADA ANALÍTICA
Host Biblionumber 886
Registro do item 1815
Imprenta Londrina-PR : Sociedade Brasileira da Ciência das Plantas Daninhas, 1978
Outro identificador 2023-031022
Título Planta Daninha (Brazil)
ISSN 0100-8358; 1806-9681 (on-line)
Colação v. 36 p. 1-9; (2018)
Número de controle de registro BR2023000122
856 ## - ACESSO E ENDEREÇO ELETRÔNICO
Identificador uniforme de recurso - URI https://www.scielo.br/j/pd/a/jrBvg6KJLpnzPv6Ny864bPB/?format=pdf&lang=en

Nenhum exemplar disponível.

BINAGRI

Telefone: (61)3218-2567/2388/3357/2097 - binagri@agro.gov.br

Ministério da Agricultura e Pecuária , Esplanada dos Ministérios, Bloco D, Anexo B, Brasília/DF, CEP: 70.043-900